Statistics for The Jackson 5 Discography

Click here to take the quiz!

General Stats

  • This quiz has been taken 4 times
  • The average score is 8 of 42

Answer Stats

TypeYearName% Correct
Album1970ABC
75%
Album1978Destiny
75%
Album1984Victory
75%
Album1974Dancing Machine
50%
Album1969Diana Ross Presents The Jackson 5
50%
Holiday Album1970Jackson 5 Christmas Album
50%
Album1973Skywriter
50%
Album1980Triumph
50%
Album19892300 Jackson Street
25%
Compilation1979Boogie
25%
Album1973Get It Together
25%
Soundtrack1971Goin' Back to Indiana
25%
Album1977Goin' Places
25%
Live Album2010Live at the Forum
25%
Album1972Lookin' Through the Windows
25%
Album1971Maybe Tomorrow
25%
Album1975Moving Violation
25%
Album1976The Jacksons
25%
Soundtrack1992The Jacksons: An American Dream
25%
Live Album1981The Jacksons Live!
25%
Album1970Third Album
25%
Compilation198318 Greatest Hits
0%
Compilation199920th Century Masters - The Millennium Collection: The Best of The Jackson 5
0%
Compilation1976Anthology
0%
Compilation2009Can You Feel It! The Jacksons Collection
0%
Compilation1993Children of the Light
0%
Compilation2008Classic Jackson 5
0%
Compilation2012Come and Get It: The Rare Pearls
0%
Compilation2005Gold
0%
Compilation1971Greatest Hits
0%
Compilation2009I Want You Back! Unreleased Masters
0%
Compilation1995Jackson 5: The Ultimate Collection
0%
Compilation2010J Is for Jackson 5
0%
Compilation1976Joyful Jukebox Music
0%
Compilation1995Soulsation!
0%
Compilation1997The Best of Michael Jackson and The Jackson 5ive - The Motown Years
0%
Compilation2004The Essential Jacksons
0%
Live Album1973The Jackson 5 in Japan
0%
Compilation2004The Jacksons Story
0%
Compilation1999The Steeltown Sessions
0%
Compilation2004The Very Best of The Jacksons
0%
Holiday Compilation2009Ultimate Christmas Collection
0%

Score Distribution

Percentile by Number Answered

Percent of People with Each Score

Your Score History

You have not taken this quiz